000 00839 a2200205 4500
003 Nust
005 20221018182334.0
010 _a 2001093567
020 _a067232184X
040 _cNust
082 0 0 _a005.8,LAM
245 0 0 _a.NET framework security /
_cBrian A. LaMacchia ... [et al.].
260 _aBoston :
_bAddison-Wesley,
_cc2002.
300 _axvii, 793 p. :
_bill. ;
_c23 cm.
505 _aPart-1: Introduction to the .net Developer platform Security (Page-7), Part-2: Code Access Security Fundamentals (page-43), ASP.NET and web services Security Fundamentals (Page-179), .Net Framework Administration (Page-241), .Net Framework Security for Developers (Page-437).
650 0 _aComputer security.
_9570
650 0 _aMicrosoft .NET Framework.
_955646
700 1 _aLaMacchia, Brian A.
_9100704
942 _2ddc
_cBK
_k005.8,LAM
999 _c190774
_d190774